000 00413nam a22001697a 4500
005 20180810110718.0
008 160625b xxu||||| |||| 00| 0 eng d
020 _a81-203-1200
041 _aeng
082 _b10025
_a658.3
100 _aMcKenna, Eugene and Beech, Nic
_92725
245 _aHuman Resource Management
260 _bPHI
_c2004
_adelhi
300 _a196p,
650 _aManagement
_9241
942 _cBK
999 _c3954
_d3953